Anselmo Lorenzo (Record no. 106154)

MARC details
000 -LEADER
campo de control de longitud fija 00880nam a2200265 i 4500
001 - NÚMERO DE CONTROL
campo de control 106154
003 - IDENTIFICADOR DE NÚMERO DE CONTROL
campo de control ES-MaACL
005 - FECHA Y HORA DE LA ÚLTIMA TRANSACCIÓN
campo de control 20251108111407.0
007 - CAMPO FIJO DE DESCRIPCIÓN FÍSICA--INFORMACIÓN GENERAL
campo de control de longitud fija t|
008 - DATOS DE LONGITUD FIJA--INFORMACIÓN GENERAL
campo de control de longitud fija 061003s1938 sp ||||1| spa d
080 ## - NÚMERO DE LA CLASIFICACIÓN DECIMAL UNIVERSAL
Número de la Clasificación Decimal Universal 929 Lorenzo, Anselmo
100 1# - ENTRADA PRINCIPAL--NOMBRE DE PERSONA
Nombre de persona Montseny, Federica,
Fechas asociadas al nombre 1905-1994
9 (RLIN) 240807
245 10 - MENCIÓN DEL TÍTULO
Título Anselmo Lorenzo
Resto del título : el hombre y la obra /
Mención de responsabilidad, etc. Federica Montseny.
260 ## - PUBLICACIÓN, DISTRIBUCIÓN, ETC.
Lugar de publicación, distribución, etc. [S.l.] :
Nombre del editor, distribuidor, etc. Ediciones Españolas,
Fecha de publicación, distribución, etc. 1938.
300 ## - DESCRIPCIÓN FÍSICA
Extensión 38 p., [7] h. de lám. ;
Dimensiones 22 cm.
500 ## - NOTA GENERAL
Nota general Biblioteca Juan Andrade.
500 ## - NOTA GENERAL
Nota general Precede al tit.: Los precursores.
600 14 - PUNTO DE ACCESO ADICIONAL DE MATERIA--NOMBRE DE PERSONA
Nombre de persona Lorenzo, Anselmo,
Fechas asociadas al nombre 1841-1914
9 (RLIN) 240499
650 #7 - PUNTO DE ACCESO ADICIONAL DE MATERIA--TÉRMINO DE MATERIA
9 (RLIN) 170671
Término de materia o nombre geográfico como elemento de entrada Sindicalismo-
Subdivisión geográfica España
650 #4 - PUNTO DE ACCESO ADICIONAL DE MATERIA--TÉRMINO DE MATERIA
9 (RLIN) 9778
Término de materia o nombre geográfico como elemento de entrada Anarcosindicalismo
852 ## - LOCALIZACIÓN
Ubicación ES-MaACL
Número de control de estantería AND-Fol-22
Sublocalización o colección R.110407
942 ## - ELEMENTOS DE ENTRADA SECUNDARIOS (KOHA)
Fuente del sistema de clasificación o colocación Clasificación decimal universal
Tipo de ítem Koha Folleto
Suprimir en OPAC No
Holdings
Estatus retirado Estado de pérdida Estado de daño No para préstamo Biblioteca de origen Biblioteca actual Ubicación en estantería Fecha de adquisición Fuente de adquisición Total de préstamos Signatura topográfica completa Código de barras Visto por última vez Precio de reemplazo Tipo de ítem Koha
        Biblioteca del Ateneo de Madrid Biblioteca del Ateneo de Madrid Depósito 2 17/01/2008     AND-Fol-22 1110818 23/02/2023 23/02/2023 Libro impreso